[Event "XVI Calvia Amateur Open 2019"]
[Site "Calvia"]
[Date "2019.10.12"]
[Round "8.2"]
[White "Massanet Massanet, Sebastian"]
[Black "Thakoerdien, Jerrel"]
[Result "1-0"]
[WhiteElo "2252"]
[BlackElo "2149"]
[Annotator "NA"]
[PlyCount "93"]
[EventDate "2019.10.05"]
[EventType "swiss"]
[EventCountry "ESP"]
[SourceTitle "playchess.com"]
[Source "ChessBase"]
[SourceQuality "1"]
[TimeControl "40/5400+30:900+30"]

1. d4 {[%emt 0:02:55]} Nf6 {[%emt 0:00:00]} 2. c4 {[%emt 0:00:09]} c5 {[%emt 0:00:55]} 3. d5 {[%emt 0:00:45]} e6 {[%emt 0:00:17]} 4. Nc3 {[%emt 0:00:24]} exd5 {[%emt 0:00:41]} 5. cxd5 {[%emt 0:00:14]} d6 {[%emt 0:00:15]} 6. e4 {[%emt 0:00:42]} g6 {[%emt 0:00:25]} 7. f4 {[%emt 0:00:27]} Bg7 {[%emt 0:01:26]} 8. Bb5+ {[%emt 0:00:38]} Nfd7 {[%emt 0:00:46]} 9. Be2 {[%emt 0:00:19]} O-O {[%emt 0:00:59]} 10. Nf3 {[%emt 0:01:16]} Na6 {[%emt 0:00:33]} 11. O-O {[%emt 0:00:51]} Nc7 {[%emt 0:00:58]} 12. Kh1 {[%emt 0:13:30]} a6 {[%emt 0:00:34]} 13. a4 {[%emt 0:00:07]} Rb8 {[%emt 0:00:32]} 14. a5 {[%emt 0:04:40]} Re8 {[%emt 0:03:44]} 15. f5 {[%emt 0:03:52]} b5 {[%emt 0:02:51]} 16. axb6 {[%emt 0:02:06]} Rxb6 {[%emt 0:00:11]} 17. Bg5 {[%emt 0:02:47]} f6 {[%emt 0:17:19]} 18. Bc1 {[%emt 0:03:34]} Qe7 {[%emt 0:04:46]} 19. Bd3 {[%emt 0:09:32]} Ne5 {[%emt 0:24:43]} 20. Nxe5 {[%emt 0:03:10]} dxe5 {[%emt 0:03:33]} 21. Bc4 {[%emt 0:01:58]} Qd6 {[%emt 0:03:55]} 22. Be3 {[%emt 0:08:21]} Bd7 {[%emt 0:01:05]} 23. Qe2 {[%emt 0:02:52]} Nb5 {[%emt 0:02:10]} 24. Na4 {[%emt 0:06:32]} Nd4 {[%emt 0:00:29]} 25. Bxd4 {[%emt 0:00:26]} Bxa4 {[%emt 0:02:09]} 26. Bxc5 {[%emt 0:01:38]} Qxc5 {[%emt 0:00:14]} 27. Rxa4 {[%emt 0:00:08]} gxf5 {[%emt 0:02:16]} 28. Rxf5 {[%emt 0:02:35]} a5 {[%emt 0:04:17]} 29. Rf3 {[%emt 0:05:49]} Kh8 {[%emt 0:03:25]} 30. Rh3 {[%emt 0:03:07]} Rc8 {[%emt 0:06:49]} 31. b3 {[%emt 0:01:53]} Rb4 {[%emt 0:02:02]} 32. Ra1 {[%emt 0:04:32]} a4 {[%emt 0:00:15]} 33. Rd1 {[%emt 0:00:40]} Rd8 {[%emt 0:05:42]} 34. Qh5 {[%emt 0:02:29]} h6 {[%emt 0:00:18]} 35. Rg3 {[%emt 0:04:47]} axb3 {[%emt 0:00:53]} 36. Bxb3 {[%emt 0:00:42]} Rdb8 {[%emt 0:04:20]} 37. d6 {[%emt 0:03:27]} Rd4 {[%emt 0:00:09]} 38. d7 {[%emt 0:02:55]} Qe7 {[%emt 0:00:30]} 39. Rxd4 {[%emt 0:01:02]} exd4 {[%emt 0:00:09]} 40. Qd5 {[%emt 0:00:00]} Rd8 {[%emt 0:00:00]} 41. Qf5 {[%emt 0:08:00]} Qxd7 {[%emt 0:05:39]} 42. Qg6 {[%emt 0:03:27]} Rc8 {[%emt 0:05:18]} 43. h3 {[%emt 0:02:32]} d3 {[%emt 0:01:35]} 44. Bf7 {[%emt 0:00:51]} Rg8 {[%emt 0:05:29]} 45. Bxg8 {[%emt 0:00:38]} Kxg8 {[%emt 0:00:01]} 46. Qf5 {[%emt 0:01:54]} Qb7 {[%emt 0:02:51]} 47. Qd5+ {[%emt 0:00:58]} 1-0

[Event "XVI Calvia Amateur Open 2019"]
[Site "Calvia"]
[Date "2019.10.12"]
[Round "8.3"]
[White "Borovnica, Tihomir"]
[Black "Voiteanu, Gabriel"]
[Result "1/2-1/2"]
[WhiteElo "2231"]
[BlackElo "2119"]
[Annotator "NA"]
[PlyCount "91"]
[EventDate "2019.10.05"]
[EventType "swiss"]
[EventCountry "ESP"]
[SourceTitle "playchess.com"]
[Source "ChessBase"]
[SourceQuality "1"]
[TimeControl "40/5400+30:900+30"]

1. d4 {[%emt 0:06:04]} d5 {[%emt 0:00:00]} 2. c4 {[%emt 0:00:05]} c6 {[%emt 0:00:00]} 3. Nf3 {[%emt 0:00:10]} Nf6 {[%emt 0:00:00]} 4. Nc3 {[%emt 0:00:30]} dxc4 {[%emt 0:00:14]} 5. g3 {[%emt 0:03:20]} c5 {[%emt 0:03:21]} 6. Qa4+ {[%emt 0:01:22]} Bd7 {[%emt 0:07:37]} 7. Qxc4 {[%emt 0:00:07]} cxd4 {[%emt 0:00:59]} 8. Nxd4 {[%emt 0:00:12]} Nc6 {[%emt 0:02:29]} 9. Bg2 {[%emt 0:01:06]} Nxd4 {[%emt 0:17:40]} 10. Qxd4 {[%emt 0:00:05]} Bc6 {[%emt 0:03:42]} 11. Bxc6+ {[%emt 0:00:07]} bxc6 {[%emt 0:00:01]} 12. Qxd8+ {[%emt 0:00:18]} Rxd8 {[%emt 0:00:58]} 13. Be3 {[%emt 0:00:08]} Rd7 {[%emt 0:04:48]} 14. O-O {[%emt 0:00:46]} e5 {[%emt 0:04:16]} 15. Rfd1 {[%emt 0:11:36]} Nd5 {[%emt 0:03:01]} 16. Nxd5 {[%emt 0:00:11]} cxd5 {[%emt 0:00:10]} 17. Rac1 {[%emt 0:00:49]} d4 {[%emt 0:08:41]} 18. Bd2 {[%emt 0:00:06]} Bd6 {[%emt 0:02:59]} 19. Rc8+ {[%emt 0:04:08]} Rd8 {[%emt 0:00:01]} 20. Rxd8+ {[%emt 0:00:08]} Kxd8 {[%emt 0:00:01]} 21. e3 {[%emt 0:00:08]} Kc8 {[%emt 0:04:04]} 22. exd4 {[%emt 0:00:15]} exd4 {[%emt 0:00:13]} 23. Rc1+ {[%emt 0:00:11]} Kb7 {[%emt 0:00:40]} 24. Rc4 {[%emt 0:00:31]} Be5 {[%emt 0:00:40]} 25. Kg2 {[%emt 0:06:52]} f5 {[%emt 0:04:10]} 26. Kf3 {[%emt 0:01:13]} Re8 {[%emt 0:01:02]} 27. h3 {[%emt 0:02:23]} Bf6 {[%emt 0:03:37]} 28. g4 {[%emt 0:06:05]} fxg4+ {[%emt 0:06:38]} 29. hxg4 {[%emt 0:00:04]} h6 {[%emt 0:00:26]} 30. a4 {[%emt 0:00:40]} d3 {[%emt 0:05:11]} 31. Rb4+ {[%emt 0:00:59]} Kc6 {[%emt 0:02:17]} 32. Re4 {[%emt 0:05:31]} Rf8 {[%emt 0:10:21]} 33. Ke3 {[%emt 0:01:09]} Bxb2 {[%emt 0:01:01]} 34. Kxd3 {[%emt 0:00:04]} Rxf2 {[%emt 0:02:16]} 35. Re7 {[%emt 0:00:21]} Rg2 {[%emt 0:02:33]} 36. g5 {[%emt 0:00:32]} hxg5 {[%emt 0:00:20]} 37. Rxa7 {[%emt 0:00:05]} g4 {[%emt 0:00:25]} 38. Ra6+ {[%emt 0:00:10]} Kb7 {[%emt 0:00:29]} 39. Rg6 {[%emt 0:00:08]} Bf6 {[%emt 0:00:27]} 40. a5 {[%emt 0:00:00]} Rg1 {[%emt 0:00:00]} 41. Be3 {[%emt 0:02:52]} Rg2 {[%emt 0:05:44]} 42. Ke4 {[%emt 0:00:40]} Ra2 {[%emt 0:00:54]} 43. Bb6 {[%emt 0:01:02]} Kc6 {[%emt 0:02:45]} 44. Rxg4 {[%emt 0:00:07]} Ra4+ {[%emt 0:00:09]} 45. Kf5 {[%emt 0:00:09]} Rxg4 {[%emt 0:00:06]} 46. Kxg4 {[%emt 0:00:06]} 1/2-1/2

[Event "XVI Calvia Amateur Open 2019"]
[Site "Calvia"]
[Date "2019.10.12"]
[Round "8.4"]
[White "Visser, Henk-Jan"]
[Black "Hristodorescu, Daniel"]
[Result "1/2-1/2"]
[WhiteElo "2184"]
[BlackElo "2102"]
[Annotator "NA"]
[PlyCount "197"]
[EventDate "2019.10.05"]
[EventType "swiss"]
[EventCountry "ESP"]
[SourceTitle "playchess.com"]
[Source "ChessBase"]
[SourceQuality "1"]
[TimeControl "40/5400+30:900+30"]

1. e4 {[%emt 0:00:00]} e5 {[%emt 0:00:00]} 2. Nf3 {[%emt 0:00:00]} Nc6 {[%emt 0:00:00]} 3. Bb5 {[%emt 0:00:04]} a6 {[%emt 0:00:00]} 4. Ba4 {[%emt 0:00:13]} Nf6 {[%emt 0:00:06]} 5. O-O {[%emt 0:00:24]} Be7 {[%emt 0:00:10]} 6. d3 {[%emt 0:00:23]} b5 {[%emt 0:00:22]} 7. Bb3 {[%emt 0:00:07]} d6 {[%emt 0:00:13]} 8. a3 {[%emt 0:00:17]} O-O {[%emt 0:00:39]} 9. Nc3 {[%emt 0:00:18]} Nb8 {[%emt 0:01:07]} 10. a4 {[%emt 0:13:36]} b4 {[%emt 0:00:36]} 11. Nd5 {[%emt 0:00:09]} Nxd5 {[%emt 0:00:30]} 12. Bxd5 {[%emt 0:03:21]} c6 {[%emt 0:00:34]} 13. Bb3 {[%emt 0:00:13]} a5 {[%emt 0:05:33]} 14. d4 {[%emt 0:02:27]} Qc7 {[%emt 0:02:27]} 15. Be3 {[%emt 0:05:58]} Ba6 {[%emt 0:04:03]} 16. Re1 {[%emt 0:00:42]} Nd7 {[%emt 0:00:18]} 17. dxe5 {[%emt 0:08:41]} dxe5 {[%emt 0:01:03]} 18. Ng5 {[%emt 0:17:28]} Nf6 {[%emt 0:08:02]} 19. g4 {[%emt 0:06:24]} c5 {[%emt 0:03:46]} 20. Bxf7+ {[%emt 0:04:18]} Rxf7 {[%emt 0:00:13]} 21. Nxf7 {[%emt 0:00:08]} Bb7 {[%emt 0:09:52]} 22. g5 {[%emt 0:02:54]} Nxe4 {[%emt 0:02:26]} 23. Qh5 {[%emt 0:01:02]} Rf8 {[%emt 0:05:59]} 24. f3 {[%emt 0:12:50]} Rxf7 {[%emt 0:00:20]} 25. fxe4 {[%emt 0:00:15]} Bxe4 {[%emt 0:00:51]} 26. Rf1 {[%emt 0:00:42]} g6 {[%emt 0:00:52]} 27. Qh4 {[%emt 0:02:23]} Bf5 {[%emt 0:01:32]} 28. Qc4 {[%emt 0:02:38]} Qc6 {[%emt 0:00:25]} 29. Rf2 {[%emt 0:07:32]} Be6 {[%emt 0:01:11]} 30. Qb5 {[%emt 0:00:23]} Qc8 {[%emt 0:04:52]} 31. Rxf7 {[%emt 0:01:32]} Bxf7 {[%emt 0:00:26]} 32. Qf1 {[%emt 0:02:01]} Bd5 {[%emt 0:01:18]} 33. h3 {[%emt 0:00:10]} Be6 {[%emt 0:02:20]} 34. Kh2 {[%emt 0:00:41]} Qc6 {[%emt 0:05:25]} 35. Qb5 {[%emt 0:01:01]} Qc8 {[%emt 0:03:57]} 36. h4 {[%emt 0:04:29]} Bf7 {[%emt 0:03:17]} 37. Re1 {[%emt 0:01:29]} Qf5 {[%emt 0:00:59]} 38. Qd3 {[%emt 0:01:11]} e4 {[%emt 0:03:01]} 39. Qd2 {[%emt 0:00:26]} Qg4 {[%emt 0:04:22]} 40. Bf2 {[%emt 0:00:00]} Be6 {[%emt 0:00:00]} 41. Re3 {[%emt 0:02:44]} Qf5 {[%emt 0:06:45]} 42. Bg3 {[%emt 0:00:27]} h6 {[%emt 0:01:11]} 43. gxh6 {[%emt 0:03:08]} Kh7 {[%emt 0:01:41]} 44. Kg1 {[%emt 0:01:02]} Bf8 {[%emt 0:03:14]} 45. Re1 {[%emt 0:04:19]} c4 {[%emt 0:02:32]} 46. Qf4 {[%emt 0:01:39]} Bc5+ {[%emt 0:04:22]} 47. Kf1 {[%emt 0:02:40]} e3 {[%emt 0:06:31]} 48. Qxf5 {[%emt 0:00:54]} Bxf5 {[%emt 0:00:06]} 49. c3 {[%emt 0:01:40]} Bd3+ {[%emt 0:01:09]} 50. Kg2 {[%emt 0:00:31]} b3 {[%emt 0:00:45]} 51. Bf4 {[%emt 0:00:35]} e2 {[%emt 0:00:31]} 52. Kf3 {[%emt 0:00:18]} Bf8 {[%emt 0:01:32]} 53. Rxe2 {[%emt 0:00:51]} Bxe2+ {[%emt 0:00:10]} 54. Kxe2 {[%emt 0:00:02]} Bxh6 {[%emt 0:00:03]} 55. Bd6 {[%emt 0:02:15]} Bg7 {[%emt 0:01:01]} 56. Kd1 {[%emt 0:00:23]} Kg8 {[%emt 0:04:14]} 57. Bc7 {[%emt 0:00:12]} Kf7 {[%emt 0:00:04]} 58. Bxa5 {[%emt 0:00:19]} Ke6 {[%emt 0:00:06]} 59. Bb6 {[%emt 0:00:41]} Kd5 {[%emt 0:00:17]} 60. Kd2 {[%emt 0:00:43]} Bf6 {[%emt 0:00:27]} 61. Bf2 {[%emt 0:00:18]} Kc6 {[%emt 0:01:16]} 62. Be1 {[%emt 0:00:37]} Be7 {[%emt 0:02:24]} 63. Bf2 {[%emt 0:00:29]} Bf8 {[%emt 0:00:56]} 64. Be3 {[%emt 0:00:15]} Be7 {[%emt 0:00:08]} 65. Bg5 {[%emt 0:00:13]} Bc5 {[%emt 0:00:08]} 66. Ke2 {[%emt 0:00:13]} Ba3 {[%emt 0:00:14]} 67. Bc1 {[%emt 0:00:20]} Be7 {[%emt 0:00:07]} 68. Ke3 {[%emt 0:00:42]} Kd5 {[%emt 0:00:06]} 69. Kf3 {[%emt 0:01:24]} Bxh4 {[%emt 0:00:08]} 70. a5 {[%emt 0:00:30]} Kc6 {[%emt 0:02:58]} 71. Ke4 {[%emt 0:00:30]} Bd8 {[%emt 0:01:15]} 72. a6 {[%emt 0:00:27]} Kb6 {[%emt 0:01:47]} 73. Kd5 {[%emt 0:00:16]} g5 {[%emt 0:00:34]} 74. Kxc4 {[%emt 0:00:36]} g4 {[%emt 0:00:09]} 75. Bf4 {[%emt 0:00:51]} Kxa6 {[%emt 0:00:28]} 76. Kxb3 {[%emt 0:00:26]} Bh4 {[%emt 0:03:26]} 77. Kc4 {[%emt 0:00:20]} Bf2 {[%emt 0:00:07]} 78. Kd3 {[%emt 0:00:20]} Kb5 {[%emt 0:00:05]} 79. b3 {[%emt 0:00:50]} Bh4 {[%emt 0:01:00]} 80. Bd2 {[%emt 0:00:31]} g3 {[%emt 0:00:46]} 81. c4+ {[%emt 0:00:18]} Kc6 {[%emt 0:00:21]} 82. Ke4 {[%emt 0:00:44]} Kc5 {[%emt 0:01:24]} 83. Kf3 {[%emt 0:00:28]} Kd4 {[%emt 0:00:10]} 84. Bf4 {[%emt 0:00:33]} Kc3 {[%emt 0:00:17]} 85. Bxg3 {[%emt 0:00:10]} Be7 {[%emt 0:00:08]} 86. Ke4 {[%emt 0:00:08]} Kxb3 {[%emt 0:00:05]} 87. Kd5 {[%emt 0:00:02]} Kb4 {[%emt 0:00:35]} 88. Be1+ {[%emt 0:00:29]} Ka4 {[%emt 0:00:01]} 89. Kc6 {[%emt 0:01:18]} Bf8 {[%emt 0:00:19]} 90. Bh4 {[%emt 0:00:33]} Kb4 {[%emt 0:00:31]} 91. Kd5 {[%emt 0:00:05]} Ka5 {[%emt 0:00:16]} 92. Bf2 {[%emt 0:00:45]} Ka6 {[%emt 0:01:00]} 93. Bc5 {[%emt 0:00:29]} Bh6 {[%emt 0:00:10]} 94. Kc6 {[%emt 0:00:18]} Bc1 {[%emt 0:00:10]} 95. Bd4 {[%emt 0:00:28]} Bd2 {[%emt 0:00:27]} 96. Be5 {[%emt 0:00:39]} Bc1 {[%emt 0:00:09]} 97. Kd5 {[%emt 0:00:16]} Kb7 {[%emt 0:00:10]} 98. c5 {[%emt 0:00:13]} Kc8 {[%emt 0:00:06]} 99. c6 {[%emt 0:00:53]} 1/2-1/2

[Event "XVI Calvia Amateur Open 2019"]
[Site "Calvia"]
[Date "2019.10.12"]
[Round "8.5"]
[White "Hutchinson, Paul A"]
[Black "Scherer, Helmut"]
[Result "0-1"]
[WhiteElo "2139"]
[BlackElo "2278"]
[Annotator "NA"]
[PlyCount "104"]
[EventDate "2019.10.05"]
[EventType "swiss"]
[EventCountry "ESP"]
[SourceTitle "playchess.com"]
[Source "ChessBase"]
[SourceQuality "1"]
[TimeControl "40/5400+30:900+30"]

1. d4 {[%emt 0:00:00]} d5 {[%emt 0:01:03]} 2. Nf3 {[%emt 0:00:00]} Nf6 {[%emt 0:00:25]} 3. e3 {[%emt 0:00:01]} c5 {[%emt 0:03:38]} 4. b3 {[%emt 0:01:51]} cxd4 {[%emt 0:00:49]} 5. exd4 {[%emt 0:00:05]} Nc6 {[%emt 0:07:08]} 6. Bb2 {[%emt 0:01:20]} Bf5 {[%emt 0:08:22]} 7. a3 {[%emt 0:06:20]} Rc8 {[%emt 0:02:51]} 8. Bd3 {[%emt 0:07:15]} Bxd3 {[%emt 0:03:58]} 9. Qxd3 {[%emt 0:02:49]} e6 {[%emt 0:00:24]} 10. Nbd2 {[%emt 0:02:38]} Bd6 {[%emt 0:01:36]} 11. O-O {[%emt 0:00:47]} O-O {[%emt 0:00:46]} 12. b4 {[%emt 0:03:02]} Qc7 {[%emt 0:02:44]} 13. Rfe1 {[%emt 0:01:31]} Rfd8 {[%emt 0:11:14]} 14. Rac1 {[%emt 0:00:51]} Bf4 {[%emt 0:05:03]} 15. g3 {[%emt 0:02:03]} Bxd2 {[%emt 0:01:10]} 16. Nxd2 {[%emt 0:00:10]} Ne7 {[%emt 0:00:55]} 17. c4 {[%emt 0:17:59]} dxc4 {[%emt 0:02:12]} 18. Nxc4 {[%emt 0:00:08]} Ned5 {[%emt 0:05:09]} 19. Ne5 {[%emt 0:01:35]} Qd6 {[%emt 0:09:00]} 20. Qd2 {[%emt 0:03:53]} h6 {[%emt 0:05:02]} 21. Rxc8 {[%emt 0:00:16]} Rxc8 {[%emt 0:00:08]} 22. Rc1 {[%emt 0:00:06]} Rc7 {[%emt 0:01:30]} 23. Rc2 {[%emt 0:00:10]} Rxc2 {[%emt 0:05:25]} 24. Qxc2 {[%emt 0:00:06]} Qc7 {[%emt 0:00:08]} 25. Qxc7 {[%emt 0:01:54]} Nxc7 {[%emt 0:00:10]} 26. a4 {[%emt 0:00:06]} Nfd5 {[%emt 0:04:28]} 27. Nd3 {[%emt 0:06:53]} Nb6 {[%emt 0:03:26]} 28. Nc5 {[%emt 0:01:13]} Nc4 {[%emt 0:00:12]} 29. Bc3 {[%emt 0:01:16]} b6 {[%emt 0:00:37]} 30. Nd7 {[%emt 0:00:49]} Nd5 {[%emt 0:02:57]} 31. Be1 {[%emt 0:04:01]} Nb2 {[%emt 0:00:25]} 32. a5 {[%emt 0:00:49]} Nd3 {[%emt 0:03:43]} 33. Bd2 {[%emt 0:01:22]} b5 {[%emt 0:00:40]} 34. Kf1 {[%emt 0:01:12]} N3xb4 {[%emt 0:01:16]} 35. Ke2 {[%emt 0:01:47]} Nc6 {[%emt 0:00:34]} 36. Kd3 {[%emt 0:00:38]} f6 {[%emt 0:01:22]} 37. f4 {[%emt 0:04:31]} Kf7 {[%emt 0:00:32]} 38. Nc5 {[%emt 0:00:10]} Ke7 {[%emt 0:00:30]} 39. g4 {[%emt 0:00:08]} f5 {[%emt 0:00:59]} 40. g5 {[%emt 0:00:00]} Nb8 {[%emt 0:00:00]} 41. h4 {[%emt 0:02:22]} Nd7 {[%emt 0:05:55]} 42. Nb7 {[%emt 0:00:39]} h5 {[%emt 0:00:54]} 43. a6 {[%emt 0:02:34]} Nf8 {[%emt 0:01:52]} 44. Ba5 {[%emt 0:01:26]} Ng6 {[%emt 0:00:46]} 45. Kc2 {[%emt 0:05:39]} Nxh4 {[%emt 0:01:37]} 46. Bd8+ {[%emt 0:00:45]} Kd7 {[%emt 0:00:36]} 47. Nc5+ {[%emt 0:00:41]} Kxd8 {[%emt 0:01:27]} 48. Nxe6+ {[%emt 0:00:48]} Ke7 {[%emt 0:00:18]} 49. Nxg7 {[%emt 0:00:03]} Nxf4 {[%emt 0:00:11]} 50. Kb3 {[%emt 0:00:13]} Kf7 {[%emt 0:02:11]} 51. Kb4 {[%emt 0:00:09]} Kxg7 {[%emt 0:00:14]} 52. Kxb5 {[%emt 0:00:06]} Nd5 {[%emt 0:01:30]} 0-1

[Event "XVI Calvia Amateur Open 2019"]
[Site "Calvia"]
[Date "2019.10.12"]
[Round "8.6"]
[White "Jekabsons, Ivars"]
[Black "Galiana Salom, Juan Ramon"]
[Result "1-0"]
[WhiteElo "2119"]
[BlackElo "2236"]
[Annotator "NA"]
[PlyCount "123"]
[EventDate "2019.10.05"]
[EventType "swiss"]
[EventCountry "ESP"]
[SourceTitle "playchess.com"]
[Source "ChessBase"]
[SourceQuality "1"]
[TimeControl "40/5400+30:900+30"]

1. e4 {[%emt 0:00:00]} e6 {[%emt 0:00:15]} 2. d4 {[%emt 0:00:01]} d5 {[%emt 0:00:47]} 3. Nc3 {[%emt 0:00:35]} Nf6 {[%emt 0:00:37]} 4. Bg5 {[%emt 0:00:37]} Bb4 {[%emt 0:00:11]} 5. Nge2 {[%emt 0:01:37]} dxe4 {[%emt 0:05:40]} 6. a3 {[%emt 0:00:50]} Be7 {[%emt 0:00:11]} 7. Bxf6 {[%emt 0:00:34]} gxf6 {[%emt 0:05:02]} 8. Nxe4 {[%emt 0:01:17]} c6 {[%emt 0:01:25]} 9. Qd2 {[%emt 0:08:52]} f5 {[%emt 0:01:35]} 10. N4c3 {[%emt 0:08:08]} Nd7 {[%emt 0:01:11]} 11. g3 {[%emt 0:02:11]} Nf6 {[%emt 0:01:54]} 12. Bg2 {[%emt 0:05:54]} Bd7 {[%emt 0:01:16]} 13. Nf4 {[%emt 0:12:46]} Qc7 {[%emt 0:01:13]} 14. O-O-O {[%emt 0:15:44]} O-O-O {[%emt 0:02:51]} 15. Rhe1 {[%emt 0:02:35]} Bd6 {[%emt 0:01:46]} 16. Nd3 {[%emt 0:01:55]} h5 {[%emt 0:06:32]} 17. h4 {[%emt 0:03:25]} Ng4 {[%emt 0:04:43]} 18. Bf3 {[%emt 0:04:21]} Qb6 {[%emt 0:06:18]} 19. Bxg4 {[%emt 0:02:30]} fxg4 {[%emt 0:13:17]} 20. Ne5 {[%emt 0:01:11]} Be8 {[%emt 0:09:30]} 21. Nc4 {[%emt 0:01:20]} Qc7 {[%emt 0:00:34]} 22. Nxd6+ {[%emt 0:01:10]} Qxd6 {[%emt 0:00:08]} 23. Ne4 {[%emt 0:03:03]} Qd5 {[%emt 0:00:36]} 24. Qf4 {[%emt 0:01:57]} Rf8 {[%emt 0:08:53]} 25. Nf6 {[%emt 0:06:37]} Qa2 {[%emt 0:01:53]} 26. c3 {[%emt 0:00:37]} c5 {[%emt 0:04:19]} 27. Nxe8 {[%emt 0:04:13]} Rfxe8 {[%emt 0:02:06]} 28. dxc5 {[%emt 0:00:06]} f5 {[%emt 0:01:38]} 29. Qe5 {[%emt 0:02:33]} Qb3 {[%emt 0:04:49]} 30. Rxd8+ {[%emt 0:01:21]} Kxd8 {[%emt 0:00:27]} 31. Qd6+ {[%emt 0:01:54]} Kc8 {[%emt 0:00:13]} 32. c6 {[%emt 0:00:53]} bxc6 {[%emt 0:03:12]} 33. Qxc6+ {[%emt 0:00:06]} Kd8 {[%emt 0:00:26]} 34. Qd6+ {[%emt 0:00:10]} Kc8 {[%emt 0:00:14]} 35. Qc6+ {[%emt 0:01:53]} Kd8 {[%emt 0:00:06]} 36. Qd6+ {[%emt 0:00:49]} Kc8 {[%emt 0:01:55]} 37. Re5 {[%emt 0:00:24]} Qa4 {[%emt 0:03:07]} 38. Rxe6 {[%emt 0:02:37]} Rd8 {[%emt 0:01:02]} 39. Qc6+ {[%emt 0:00:56]} Qxc6 {[%emt 0:00:21]} 40. Rxc6+ {[%emt 0:00:00]} Kb7 {[%emt 0:00:00]} 41. Rh6 {[%emt 0:00:45]} Rd3 {[%emt 0:00:26]} 42. Rxh5 {[%emt 0:00:42]} Rf3 {[%emt 0:00:09]} 43. Rg5 {[%emt 0:00:17]} Rxf2 {[%emt 0:00:13]} 44. h5 {[%emt 0:00:20]} Rf3 {[%emt 0:00:16]} 45. Kb1 {[%emt 0:02:02]} Rxg3 {[%emt 0:00:18]} 46. Rxf5 {[%emt 0:00:09]} Rh3 {[%emt 0:00:14]} 47. Rg5 {[%emt 0:00:09]} g3 {[%emt 0:00:19]} 48. Ka2 {[%emt 0:00:20]} Rh2 {[%emt 0:00:24]} 49. h6 {[%emt 0:00:24]} Rxh6 {[%emt 0:00:54]} 50. Rxg3 {[%emt 0:00:03]} Rh4 {[%emt 0:00:19]} 51. b4 {[%emt 0:00:19]} Rf4 {[%emt 0:03:05]} 52. Kb3 {[%emt 0:00:15]} Rh4 {[%emt 0:00:10]} 53. Rd3 {[%emt 0:01:16]} Rg4 {[%emt 0:00:24]} 54. c4 {[%emt 0:01:15]} Rh4 {[%emt 0:00:33]} 55. c5 {[%emt 0:00:59]} Rg4 {[%emt 0:00:40]} 56. Ka4 {[%emt 0:00:48]} Rg7 {[%emt 0:04:51]} 57. Ka5 {[%emt 0:00:21]} Rc7 {[%emt 0:00:51]} 58. Rd5 {[%emt 0:01:04]} Rh7 {[%emt 0:00:13]} 59. b5 {[%emt 0:00:44]} Rh3 {[%emt 0:01:27]} 60. a4 {[%emt 0:00:44]} Rh4 {[%emt 0:00:08]} 61. Rd7+ {[%emt 0:00:23]} Kb8 {[%emt 0:00:13]} 62. c6 {[%emt 0:00:51]} 1-0

[Event "XVI Calvia Amateur Open 2019"]
[Site "Calvia"]
[Date "2019.10.13"]
[Round "9.1"]
[White "Gallego Bergada, Antoni"]
[Black "Massanet Massanet, Sebastian"]
[Result "0-1"]
[WhiteElo "2177"]
[BlackElo "2252"]
[Annotator "NA"]
[PlyCount "92"]
[EventDate "2019.10.05"]
[EventType "swiss"]
[EventCountry "ESP"]
[SourceTitle "playchess.com"]
[Source "ChessBase"]
[SourceQuality "1"]
[TimeControl "40/5400+30:900+30"]

1. e4 {[%emt 0:00:00]} e6 {[%emt 0:00:00]} 2. d4 {[%emt 0:00:00]} d5 {[%emt 0:00:02]} 3. Bd3 {[%emt 0:00:00]} dxe4 {[%emt 0:01:03]} 4. Bxe4 {[%emt 0:01:37]} Nf6 {[%emt 0:00:30]} 5. Bf3 {[%emt 0:00:30]} c5 {[%emt 0:00:30]} 6. Ne2 {[%emt 0:00:30]} Nc6 {[%emt 0:00:30]} 7. Be3 {[%emt 0:00:30]} cxd4 {[%emt 0:00:30]} 8. Nxd4 {[%emt 0:00:30]} Ne5 {[%emt 0:00:30]} 9. Nc3 {[%emt 0:00:30]} a6 {[%emt 0:00:30]} 10. Qe2 {[%emt 0:00:30]} Nxf3+ {[%emt 0:00:30]} 11. Qxf3 {[%emt 0:00:30]} e5 {[%emt 0:00:30]} 12. Nb3 {[%emt 0:00:30]} Bb4 {[%emt 0:00:30]} 13. Bc5 {[%emt 0:00:30]} Bxc5 {[%emt 0:00:30]} 14. Nxc5 {[%emt 0:00:30]} Qe7 {[%emt 0:00:30]} 15. N5e4 {[%emt 0:00:30]} Nxe4 {[%emt 0:00:30]} 16. Qxe4 {[%emt 0:00:30]} Qc5 {[%emt 0:00:30]} 17. f4 {[%emt 0:00:30]} O-O {[%emt 0:00:30]} 18. fxe5 {[%emt 0:00:30]} Bd7 {[%emt 0:00:30]} 19. O-O-O {[%emt 0:00:30]} Bc6 {[%emt 0:00:30]} 20. Qf4 {[%emt 0:00:30]} Rae8 {[%emt 0:00:30]} 21. Rhe1 {[%emt 0:00:30]} Re6 {[%emt 0:00:30]} 22. Rd2 {[%emt 0:00:30]} f6 {[%emt 0:00:30]} 23. Rde2 {[%emt 0:00:30]} fxe5 {[%emt 0:00:30]} 24. Qg3 {[%emt 0:00:30]} Rg6 {[%emt 0:00:30]} 25. Qh3 {[%emt 0:00:30]} Qd4 {[%emt 0:00:30]} 26. Ne4 {[%emt 0:00:30]} h6 {[%emt 0:00:30]} 27. Qh5 {[%emt 0:00:30]} Kh7 {[%emt 0:00:30]} 28. Qh3 {[%emt 0:00:30]} Rf4 {[%emt 0:00:30]} 29. Nc3 {[%emt 0:00:30]} Rh4 {[%emt 0:00:30]} 30. Qf5 {[%emt 0:00:30]} Qf4+ {[%emt 0:00:30]} 31. Qxf4 {[%emt 0:00:30]} exf4 {[%emt 0:00:30]} 32. g3 {[%emt 0:00:30]} fxg3 {[%emt 0:00:30]} 33. hxg3 {[%emt 0:00:30]} Rxg3 {[%emt 0:00:30]} 34. Nd1 {[%emt 0:00:30]} h5 {[%emt 0:00:30]} 35. Ne3 {[%emt 0:00:30]} Rf4 {[%emt 0:00:30]} 36. b3 {[%emt 0:00:30]} h4 {[%emt 0:00:30]} 37. c4 {[%emt 0:00:30]} h3 {[%emt 0:00:30]} 38. Rh2 {[%emt 0:00:30]} g5 {[%emt 0:00:30]} 39. Kd2 {[%emt 0:00:30]} g4 {[%emt 0:00:30]} 40. Nf1 {[%emt 0:00:30]} Rgf3 {[%emt 0:00:30]} 41. Ne3 {[%emt 0:15:30]} Rf2+ {[%emt 0:15:30]} 42. Re2 {[%emt 0:00:30]} Rxh2 {[%emt 0:00:30]} 43. Rxh2 {[%emt 0:00:30]} Bf3 {[%emt 0:00:30]} 44. Ke1 {[%emt 0:00:30]} Kg6 {[%emt 0:00:30]} 45. Kf2 {[%emt 0:00:30]} Kg5 {[%emt 0:00:30]} 46. Kg3 {[%emt 0:00:30]} Bg2 {[%emt 0:00:30]} 0-1